Statistics for Find the Spelling #1

Click here to take the quiz!

General Stats

  • This quiz has been taken 123 times
  • The average score is 4 of 5

Answer Stats

QuestionAnswer% Correct
Which is correct?Wednesday
100%
Which is correct?Broccoli
83%
Which is correct?Kazakhstan
79%
Which is correct?Separately
76%
Which is correct?Pharaoh
67%

Score Distribution

Percentile by Number Answered

Percent of People with Each Score

Your Score History

You have not taken this quiz